Statistiques concernant Culture Générale - Série 1015

Cliquez ici pour prendre le quiz!

Statistiques générales

  • Ce quiz a été pris 60 fois
  • Le résultat moyen est 7 sur 10

Statistiques - réponses

Question Réponse % Correct
Ragoût pimenté de viande hachée et de haricots rouges d'origine tex-mex, je suis le chili con...carne
96%
Quel nom de rapace rimant avec "arquebuse" désigne familièrement une personne stupide ?buse
89%
Complétez le générique d'une célèbre série télévisée : "Dallas, ton univers...impitoyable
88%
Quel nom porte le bâton rigide que se transmettent les athlètes d'une course de relais ?témoin
86%
Dans les années 1980, l'acteur américain Lee Majors était le héros de la série "L'homme qui tombe...à pic
86%
A quelle dynastie appartenaient les rois surnommés les “rois fainéants” ?Mérovingiens
68%
Quel fromage de lait de vache, à pâte pressée non cuite, porte le nom d'un département d'Auvergne ?cantal
68%
Dans la série télévisée des années 60, "Les chevaliers du ciel" sont Tanguy et ...Laverdure
63%
Quel nom de plante, sert de surnom aux footballeurs de l'équipe de France Espoirs ?bleuet
49%
La série télévisée allemande, racontant la vie d'une jeune fille intelligente mais pas très jolie interprétée par Alexandra Neldel, s'intitule "Le Destin de...Lisa
35%

Distribution des résultats

Percentile par nombre de réponses

% des personnes avec chaque résultat

Votre développement - résultats

Vous n’avez pas pris ce quiz